[Event "27th CRO-chT 1A-Men 2018"]
[Site "Biograd"]
[Date "2018.09.08"]
[Round "1.21"]
[White "Galic, Ivan"]
[Black "Sertic, Rudolf"]
[Result "0-1"]
[WhiteElo "2416"]
[BlackElo "2366"]
[Annotator "TA"]
[PlyCount "84"]
[EventDate "2018.09.08"]
[EventType "team-tourn"]
[EventCountry "CRO"]
[SourceTitle "playchess.com"]
[Source "ChessBase"]
[SourceQuality "1"]

{[%evp 12,84,35,15,47,12,15,3,3,12,8,13,16,16,21,10,12,14,0,0,0,-13,0,-1,-18,-32,-35,-34,-33,-44,-33,-28,-23,-42,-44,-64,-27,-29,-28,-20,-26,-29,-35,-27,-33,-35,-40,-57,-35,-52,-51,-59,-50,-53,-58,-70,-57,-70,-54,-65,-7,-78,-43,-58,-86,-41,-37,-306,-258,-459,-458,-458,-458,-484,-472]} 1. e4 e6 2. d4 d5 3. Nc3 dxe4 4. Nxe4 Nd7 5. Nf3 Ngf6 6. Bd3 c5 7. O-O Be7 {C10: French with 3 Nc3: Unusual Black 3rd moves and 3...dxe4} (7... Nxe4 8. Bxe4 Nf6 9. Bg5 cxd4 10. Qe2 Qb6 11. Bxf6 gxf6 12. Rad1 Bg7 13. Nxd4 O-O 14. c3 Bd7 15. Bb1 Rad8 16. g4 Rfe8 17. Rd3 {1-0 (44) Karjakin,S (2783)-Meier,G (2630) chess.com INT 2017}) 8. Qe2 cxd4 9. Nxd4 Nxe4 {The position is equal.} 10. Bxe4 Nc5 11. Rd1 {[%cal Bf1d1,Bd1d3,Bd3g3][%mdl 32] [#] Threatens to win with Nxe6!} Nxe4 12. Qxe4 O-O 13. Be3 Qa5 14. Nb3 Qh5 15. Bd4 Rd8 $146 ({Predecessor:} 15... Qg6 16. Qxg6 hxg6 17. a4 Rd8 18. Be5 f6 19. Rxd8+ Bxd8 20. Rd1 Be7 21. Bd6 {½-½ (21) Becerra Rivero,J (2559)-Kaminski,M (2449) ICC INT 2005}) 16. Rd3 Qg6 17. Qe2 {Hoping for Rg3.} f6 18. Rg3 Qf7 19. f4 b6 20. c3 Bd6 21. Rf1 Bb7 22. h4 Re8 23. h5 e5 (23... Kh8 {is more complex.} 24. h6 Rg8 25. Rxg7 Rxg7 26. hxg7+ Qxg7 27. Nd2 Bc7) 24. fxe5 Bxe5 25. Bxe5 Rxe5 26. Qxe5 fxe5 27. Rxf7 Kxf7 $11 {[%mdl 4096] Endgame KRB-KRN} 28. Kf2 Rd8 29. Ke1 Rd6 30. Rg5 Kf6 31. Rg3 Rd7 32. Nd2 Kf5 33. Nf1 Kf4 34. c4 Rc7 35. b3 b5 (35... Be4 $15) 36. cxb5 (36. Kf2 $1 $11) 36... Rc1+ 37. Ke2 Rc2+ 38. Ke1 Rxg2 39. Rc3 $2 {[%mdl 8192] [#]} ({Only move:} 39. Rxg2 $15 Bxg2 40. Kf2) 39... Bf3 $1 $19 ({But not} 39... Rxa2 40. Rc7 $19) 40. Rc7 $2 (40. Rc4+ e4 41. Nd2) 40... Re2+ {Black is clearly winning.} 41. Kd1 {Strongly threatening Rf7+.} Rxa2+ 42. Ke1 Bxh5 {Precision: White = 45%, Black = 57%.} 0-1

[Event "27th CRO-chT 1A-Men 2018"]
[Site "Biograd"]
[Date "2018.09.08"]
[Round "1.22"]
[White "Biti, Ozren"]
[Black "Bender, Ivan"]
[Result "1-0"]
[WhiteElo "2366"]
[BlackElo "2261"]
[Annotator "NA"]
[PlyCount "69"]
[EventDate "2018.09.08"]
[EventType "team-tourn"]
[EventCountry "CRO"]
[SourceTitle "playchess.com"]
[Source "ChessBase"]
[SourceQuality "1"]
[TimeControl "40/5400+30:1800+30"]

1. e4 {[%emt 0:00:30]} c5 {[%emt 0:00:30]} 2. Nc3 {[%emt 0:00:00]} Nc6 {[%emt 0:00:00]} 3. f4 {[%emt 0:04:00]} g6 {[%emt 0:02:00]} 4. Nf3 {[%emt 0:00:00]} Bg7 {[%emt 0:00:30]} 5. Bc4 {[%emt 0:03:00]} a6 {[%emt 0:12:30]} 6. d3 {[%emt 0:13:30]} d6 {[%emt 0:11:30]} 7. O-O {[%emt 0:05:30]} Nf6 {[%emt 0:06:30]} 8. Qe1 {[%emt 0:08:30]} O-O {[%emt 0:19:30]} 9. Qh4 {[%emt 0:14:30]} b5 {[%emt 0:08:30]} 10. Bb3 $1 {[%emt 0:03:30]} b4 {[%emt 0:08:30]} 11. Ne2 {[%emt 0:10:30]} Bg4 {[%emt 0:05:47]} 12. Be3 {[%emt 0:08:30]} (12. f5 $1 $16) 12... Na5 {[%emt 0:04:32]} (12... e6 $11 {remains equal.}) 13. Ba4 {[%emt 0:07:53]} Rb8 {[%emt 0:04:40]} 14. Rab1 $11 {[%emt 0:05:24]} (14. f5 $16) 14... Bh5 {[%emt 0:08:05]} 15. f5 {[%emt 0:03:59]} gxf5 {[%emt 0:02:36]} 16. exf5 {[%emt 0:00:28]} Qc8 {[%emt 0:01:32]} 17. Ng3 {[%emt 0:01:18]} Bxf3 {[%emt 0:00:18]} 18. Rxf3 {[%emt 0:00:37]} Kh8 {[%emt 0:00:50]} 19. Nh5 {[%emt 0:06:03]} Rg8 {[%emt 0:00:07]} 20. Rbf1 {[%emt 0:00:35]} Nxh5 {[%emt 0:00:57]} 21. Qxh5 {[%emt 0:00:18]} Bxb2 {[%emt 0:00:32]} 22. Rh3 {[%emt 0:01:06]} Rg7 {[%emt 0:00:02]} 23. Bh6 {[%emt 0:00:35]} Qg8 {[%emt 0:00:06]} 24. Bxg7+ {[%emt 0:00:44]} Bxg7 {[%emt 0:01:00]} 25. Rg3 {[%emt 0:00:35]} Qf8 {[%emt 0:00:53]} 26. Rf4 {[%emt 0:00:36]} Rb6 {[%emt 0:00:19]} 27. Rfg4 {[%emt 0:00:47]} Bd4+ {[%emt 0:00:17]} 28. Kh1 {[%emt 0:00:24]} d5 {[%emt 0:00:15]} 29. Qg5 {[%emt 0:00:32]} h6 {[%emt 0:00:11]} 30. Qf4 {[%emt 0:00:33]} e5 {[%emt 0:00:35]} 31. Qf3 {[%emt 0:00:30]} Rf6 {[%emt 0:00:33]} 32. Bd7 {[%emt 0:00:26]} Rd6 {[%emt 0:00:22]} 33. f6 {[%emt 0:00:31]} e4 {[%emt 0:00:16]} 34. Rg8+ {[%emt 0:00:21]} Qxg8 {[%emt 0:00:51]} 35. Rxg8+ {[%emt 0:00:06]} 1-0

[Event "27th CRO-chT 1A-Men 2018"]
[Site "Biograd"]
[Date "2018.09.08"]
[Round "1.23"]
[White "Brnas, Augustin"]
[Black "Medak, Bojan"]
[Result "1-0"]
[WhiteElo "2190"]
[BlackElo "2367"]
[Annotator "NA"]
[PlyCount "63"]
[EventDate "2018.09.08"]
[EventType "team-tourn"]
[EventCountry "CRO"]
[SourceTitle "playchess.com"]
[Source "ChessBase"]
[SourceQuality "1"]
[TimeControl "40/5400+30:1800+30"]

1. e4 {[%emt 0:00:30]} d6 {[%emt 0:00:30]} 2. d4 {[%emt 0:02:30]} Nf6 {[%emt 0:00:30]} 3. Nc3 {[%emt 0:01:30]} g6 {[%emt 0:00:30]} 4. Bg5 {[%emt 0:04:30]} Bg7 {[%emt 0:00:30]} 5. Qd2 {[%emt 0:01:30]} h6 {[%emt 0:01:30]} 6. Bf4 {[%emt 0:03:30]} g5 {[%emt 0:01:30]} 7. Bg3 {[%emt 0:06:30]} Nh5 {[%emt 0:01:30]} 8. Nge2 {[%emt 0:08:30]} Nc6 {[%emt 0:03:30]} 9. d5 {[%emt 0:07:30]} Ne5 {[%emt 0:04:30]} 10. Nd4 {[%emt 0:04:30]} a6 {[%emt 0:09:30]} 11. Be2 {[%emt 0:01:30]} Nxg3 {[%emt 0:00:30]} 12. hxg3 {[%emt 0:00:00]} c5 {[%emt 0:01:30]} 13. Nf5 {[%emt 0:03:00]} Bxf5 {[%emt 0:01:30]} 14. exf5 {[%emt 0:00:30]} Qa5 {[%emt 0:07:30]} 15. f4 $11 {[%emt 0:14:30]} Nd7 {[%emt 0:04:30]} 16. O-O-O {[%emt 0:09:30]} O-O-O {[%emt 0:15:30]} 17. Kb1 {[%emt 0:00:30]} Bxc3 {[%emt 0:03:30]} 18. bxc3 {[%emt 0:01:30]} Rdg8 {[%emt 0:05:30]} 19. fxg5 {[%emt 0:15:41]} hxg5 {[%emt 0:01:30]} 20. Rxh8 {[%emt 0:00:20]} Rxh8 {[%emt 0:00:30]} 21. Qxg5 {[%emt 0:00:12]} Qxc3 {[%emt 0:10:30]} 22. Qxe7 {[%emt 0:05:32]} Qxg3 {[%emt 0:02:30]} 23. Bf3 {[%emt 0:02:42]} Rh4 {[%emt 0:03:56]} 24. a3 {[%emt 0:00:11]} f6 {[%emt 0:03:03]} 25. Re1 {[%emt 0:00:06]} Kc7 {[%emt 0:01:31]} 26. Re6 {[%emt 0:00:00]} Rh1+ {[%emt 0:00:00]} 27. Ka2 {[%emt 0:01:50]} Qf4 {[%emt 0:00:08]} 28. Be2 {[%emt 0:02:00]} Qd4 {[%emt 0:05:08]} 29. Qxd6+ {[%emt 0:02:49]} Kd8 {[%emt 0:00:04]} 30. c4 {[%emt 0:00:06]} Ra1+ {[%emt 0:00:23]} 31. Kb3 {[%emt 0:00:04]} b5 {[%emt 0:02:16]} 32. Qe7+ {[%emt 0:00:10]} 1-0

[Event "27th CRO-chT 1A-Men 2018"]
[Site "Biograd"]
[Date "2018.09.08"]
[Round "1.24"]
[White "Filipovic, Marko"]
[Black "Ivankovic, Ivo"]
[Result "1-0"]
[WhiteElo "2321"]
[BlackElo "2110"]
[Annotator "TA"]
[PlyCount "93"]
[EventDate "2018.09.08"]
[EventType "team-tourn"]
[EventCountry "CRO"]
[SourceTitle "playchess.com"]
[Source "ChessBase"]
[SourceQuality "1"]

{[%evp 13,93,0,16,-5,-7,-17,11,0,5,8,27,2,62,47,47,52,115,100,157,158,220,215,230,216,231,231,247,258,250,243,336,310,344,330,420,380,385,419,396,404,651,460,460,416,472,479,453,427,633,570,668,562,687,646,916,535,950,941,836,0,950,903,943,923,840,1027,965,931,915,895,991,1000,954,728,1223,1258,1101,883,2423,2258,12839,12836]} 1. d4 Nf6 2. Nf3 g6 3. g3 Bg7 4. Bg2 O-O 5. O-O d5 6. c4 c6 7. Na3 {[%cal Bb1a3,Ba3c4,Bc4a5][%mdl 32]} Nbd7 8. Bd2 $146 {D78: Fianchetto Grünfeld: 6 0-0 c6} ({Predecessor:} 8. Bf4 dxc4 9. Nxc4 Nd5 10. Bg5 h6 11. Bd2 N7b6 12. Na5 Nf6 13. Qc2 Ne8 14. Rfd1 Nd6 15. Ne5 Bd7 16. Rac1 Be8 17. b4 {1-0 (39) Nikolic,P (2635)-Vucic,M (2336) Jahorina 2012}) 8... Ne4 9. Be1 dxc4 10. Nxc4 {The position is equal.} Nd6 11. Na5 Qb6 12. b4 Qa6 (12... Rd8 $11) 13. Rc1 Nb6 14. Ne5 {[%cal Bf3e5,Be5d3,Bd3c5][%mdl 32]} Be6 (14... Bf5 $14) 15. a4 $1 $16 Bd5 ({Better is} 15... Nbc4) 16. Nd3 $1 {[%cal Rd3c5]} Nd7 {[#]} (16... Nxa4 $16 17. Qxa4 b6) 17. Bxd5 $1 $18 cxd5 {[#]} 18. Nc5 $1 {[%cal Rc5a6]} Nxc5 19. dxc5 Nc4 20. Qxd5 Nxa5 21. b5 Qf6 22. Bxa5 b6 23. Bc3 Qf5 24. Qxf5 gxf5 25. Bxg7 Kxg7 {[%mdl 4096] Endgame KRR-KRR} 26. c6 {[%cal Bc5c6,Bc6c7][%mdl 32]} a6 (26... Rg8 $142 27. c7 Kf6) 27. Rfd1 axb5 28. axb5 Ra7 29. c7 Rc8 30. Rd7 Kf6 (30... Raa8 $142 31. Rxe7 Kf6) 31. Rc6+ e6 32. f4 Rb7 33. Kf2 h5 34. Ke3 Ra7 35. Kd4 Ra1 36. Ke3 $2 ({White should play} 36. Kc3 $18 {Black must now prevent Kd2.} Ra3+ 37. Kb2) 36... Ra3+ $2 {[%mdl 8192]} (36... Ra7 $11 37. Kf3 Kg6) 37. Kd2 {White is clearly winning.} Ra2+ 38. Kc3 Ra7 39. Rxb6 Raxc7+ 40. Rxc7 Rxc7+ {KR-KR} 41. Rc6 Ra7 42. b6 {[%cal Bb5b6,Bb6b7][%mdl 32]} Ra1 43. Kb4 Rb1+ 44. Kc5 Ke7 45. Rc7+ Kf6 46. b7 e5 47. Rc6+ {Precision: White = 83%, Black = 16%.} 1-0

[Event "27th CRO-chT 1A-Men 2018"]
[Site "Biograd"]
[Date "2018.09.08"]
[Round "1.25"]
[White "Inarkiev, Ernesto"]
[Black "Malakhov, Vladimir"]
[Result "1-0"]
[WhiteElo "2679"]
[BlackElo "2666"]
[Annotator "TA"]
[PlyCount "43"]
[EventDate "2018.09.08"]
[EventType "team-tourn"]
[EventCountry "CRO"]
[SourceTitle "playchess.com"]
[Source "ChessBase"]
[SourceQuality "1"]

{[%evp 23,43,10,4,11,45,45,41,45,37,34,34,51,120,102,29980,29981,29948,531,517,504,863,862]} 1. d4 d5 2. c4 c6 3. Nf3 Nf6 4. Nc3 dxc4 5. a4 Bf5 6. e3 e6 7. Bxc4 Bb4 8. O-O Nbd7 9. Qe2 Bg4 10. h3 Bxf3 11. Qxf3 O-O 12. Rd1 Rc8 {LiveBook: 58 Games} 13. Bd2 {D19: Slav Defence: 5 a4 Bf5 6 e3: Main line with 9 Qe2} (13. e4 e5 14. Be3 Qe7 15. d5 cxd5 16. Nxd5 Nxd5 17. Bxd5 Nb6 18. Bb3 Nc4 19. Bxc4 Rxc4 20. Bxa7 Rfc8 {½-½ (60) Ponomariov,R (2714)-Wang,H (2710) Beijing 2014}) 13... e5 $146 ({Predecessor:} 13... Qa5 14. Be1 e5 15. Qe2 Rce8 16. Qc2 Qb6 17. a5 Qd8 18. dxe5 Rxe5 19. Ne4 Bxe1 20. Nxf6+ gxf6 {0-1 (32) Matthiesen,M (2377)-Hector,J (2493) Ballerup 2016}) 14. Ne4 Bxd2 15. Rxd2 {Strongly threatening dxe5.White is slightly better.} Nxe4 16. Qxe4 Qa5 17. Rad1 exd4 ({Better is} 17... Nf6 $14 18. Qf5 (18. Qxe5 Qxa4 19. Qc5 Ne4 $14) 18... Rce8) 18. Rxd4 $16 Nb6 $2 {[%mdl 8192] [#]} (18... Ne5 $16) 19. Bxf7+ $1 Kxf7 {[#]} 20. Qxh7 (20. Rd7+ $142 $1 {[%mdl 512]} Kg8 (20... Nxd7 21. Rxd7+) 21. Qe7 Nxd7 22. Rxd7 Qe5 23. Qxe5 Rf6 24. Qe7 Rg6 25. Rxb7) 20... Qg5 21. Rf4+ Ke6 (21... Qxf4 $142 22. exf4 Nd5) 22. h4 1-0

[Event "27th CRO-chT 1A-Men 2018"]
[Site "Biograd"]
[Date "2018.09.08"]
[Round "1.26"]
[White "Korobov, Anton"]
[Black "Romanov, Evgeny"]
[Result "1/2-1/2"]
[WhiteElo "2685"]
[BlackElo "2611"]
[Annotator "TA"]
[PlyCount "39"]
[EventDate "2018.09.08"]
[EventType "team-tourn"]
[EventCountry "CRO"]
[SourceTitle "playchess.com"]
[Source "ChessBase"]
[SourceQuality "1"]

{[%evp 21,39,0,0,-14,-18,-19,-18,-17,-17,-17,-16,-18,-13,-20,-20,-18,-5,-5,0,-2]} 1. d4 d5 2. Bf4 Nf6 3. Nf3 e6 4. e3 Bd6 5. Bg3 O-O 6. Nbd2 c5 7. c3 Qc7 8. Bd3 Nbd7 9. O-O {D02: Damenbauernspiele} e5 (9... b6 10. e4 Bxg3 11. hxg3 dxe4 12. Nxe4 Bb7 13. Qe2 Rfd8 14. Rad1 cxd4 15. Nxd4 a6 16. Rfe1 h6 {½-½ (37) So,W (2815)-Carlsen,M (2832) chess.com INT 2017}) 10. dxe5 Nxe5 11. Nxe5 Bxe5 {LiveBook: 4 Partien. Die Stellung ist ausgeglichen.} 12. Qc2 $146 ({Vorgänger:} 12. e4 Bxg3 13. hxg3 Bg4 14. Qc2 c4 15. exd5 cxd3 16. Qxd3 b5 17. Qxb5 {0-1 (42) Al Sayed,M (2511)-Vallejo Pons,F (2707) Riadh 2017}) 12... Bxg3 13. hxg3 b6 14. e4 Bb7 15. exd5 Bxd5 16. Rfe1 Rfe8 17. Ne4 Bxe4 18. Bxe4 Nxe4 19. Rxe4 Qc6 20. Rae1 1/2-1/2

[Event "27th CRO-chT 1A-Men 2018"]
[Site "Biograd"]
[Date "2018.09.08"]
[Round "1.28"]
[White "Kozul, Zdenko"]
[Black "Plenkovic, Zdenko"]
[Result "1-0"]
[WhiteElo "2600"]
[BlackElo "2418"]
[Annotator "TA"]
[PlyCount "67"]
[EventDate "2018.09.08"]
[EventType "team-tourn"]
[EventCountry "CRO"]
[SourceTitle "playchess.com"]
[Source "ChessBase"]
[SourceQuality "1"]

{[%evp 16,67,39,37,70,64,89,85,92,87,83,87,97,65,173,169,195,176,193,196,204,207,229,202,208,210,212,178,236,-303,159,152,153,176,214,221,220,175,227,231,401,437,444,437,435,432,552,562,554,539,814,847,802,772]} 1. d4 Nf6 2. c4 g6 3. Nc3 Bg7 4. e4 d6 5. Nf3 O-O 6. h3 Na6 7. Be3 c5 8. d5 {E90: King's Indian: Classical: Early deviations and 6 h3} e6 9. Bd3 {LiveBook: 47 Games} Bd7 $146 ({Predecessor:} 9... Re8 10. O-O Nc7 11. a4 Na6 12. Nd2 Nb4 13. Be2 b6 14. Qb3 a6 15. Rae1 Ra7 16. Qd1 Rae7 {½-½ (35) Adhiban,B (2671)-Ponomariov,R (2686) Linares 2018}) 10. O-O {White is slightly better.} e5 11. a3 Nh5 12. Re1 Nf4 13. Bf1 Kh8 14. Nb5 Qf6 {[#]} (14... Bxb5 $14 15. cxb5 Nc7) 15. g3 $1 $18 {[%cal Rg3f4]} g5 (15... Nxh3+ $2 16. Bxh3 Qd8 17. Bxd7 $18 (17. Nxd6 Bxh3 18. Nxf7+ Rxf7 $16)) 16. gxf4 gxf4 17. Bd2 Qh6 18. Nh2 f5 19. Qf3 fxe4 20. Rxe4 Rf5 21. Ng4 Rg5 22. Qh1 $4 {[%mdl 8192] [#]} (22. Rae1 $18) 22... Rg8 $2 (22... Bxg4 $19 23. hxg4 Rxg4+ 24. Bg2 Rh4 25. Qxh4 Qxh4) 23. f3 (23. Nxa7 $2 Bxg4 24. hxg4 Rxg4+ 25. Bg2 Rh4 $19) 23... Qg6 24. Bd3 Bf5 25. Kf2 (25. Nxa7 $6 h5 $16) 25... h5 26. Ke2 (26. Nxa7 $6 Qh7 $16) 26... Bh6 (26... Bf8 $142 27. Bc3 (27. Nxa7 Rg7 $16) 27... Kg7) 27. Rf1 {[%cal Ba1f1,Bf1f2,Bf2h2][%mdl 32]} ({But not} 27. Nxa7 Nc7) 27... hxg4 $2 (27... Rg7 28. Bc3 (28. Nxa7 Nc7 $16) 28... Kg8) 28. hxg4 Bxe4 {White is clearly winning.} 29. Bxe4 Qf6 30. Rf2 Kg7 31. Rh2 Rh8 32. Be1 {[%cal Bd2e1,Be1h4,Bh4g5][%mdl 32]} Kg8 33. Bh4 Bg7 34. Bxg5 {Precision: White = 74%, Black = 47%.} 1-0

[Event "27th CRO-chT 1A-Men 2018"]
[Site "Biograd"]
[Date "2018.09.08"]
[Round "1.29"]
[White "Loncar, Robert"]
[Black "Palac, Mladen"]
[Result "0-1"]
[WhiteElo "2409"]
[BlackElo "2540"]
[Annotator "TA"]
[PlyCount "78"]
[EventDate "2018.09.08"]
[EventType "team-tourn"]
[EventCountry "CRO"]
[SourceTitle "playchess.com"]
[Source "ChessBase"]
[SourceQuality "1"]

{[%evp 21,78,31,39,16,31,0,0,0,0,0,0,0,17,0,-15,-32,-29,-34,-35,-46,-30,-49,-53,-73,-65,-94,-85,-95,-86,-83,-94,-77,-68,-67,-66,-66,-66,-81,-58,-120,-122,-121,0,0,0,-98,-93,-154,-147,-170,-77,-77,-82,-81,-82,-82,-98,-447,-433]} 1. e4 c5 2. Nf3 e6 3. d4 cxd4 4. Nxd4 Nc6 5. Nc3 Qc7 6. Be3 a6 7. Qd2 Nf6 8. f3 b5 9. g4 h6 {B48: Sizilianisch (Paulsen-Variante)} (9... Bb7 10. O-O-O Nxd4 11. Bxd4 Be7 12. g5 Nh5 13. Ne2 Rc8 14. Rg1 O-O 15. Bh3 g6 16. Kb1 d5 17. e5 {0-1 (66) Almasi,Z (2710)-Movsesian,S (2700) Warsaw 2013 CBM 158 [Szabo,Kr]}) 10. Nxc6 dxc6 11. O-O-O e5 {LiveBook: 3 Partien. Weiß steht etwas besser.} 12. Kb1 $146 ({Vorgänger:} 12. Qf2 Be6 13. Kb1 Be7 14. h4 h5 15. g5 Nd7 16. f4 exf4 17. Bxf4 {1-0 (29) Ortiz Suarez,I (2562)-Gonzalez Garcia,J (2518) Barbera del Valles 2012}) 12... Be6 13. Ne2 Rd8 14. Qe1 Rxd1+ 15. Qxd1 h5 16. g5 Nd7 17. h4 Bc5 18. Bc1 O-O $36 {[%mdl 2048] Schwarz drückt.} 19. Bh3 Bxh3 20. Rxh3 Re8 21. Ng3 g6 22. Rh2 Nf8 23. Rd2 Ne6 24. Ne2 Rd8 25. Rxd8+ Qxd8 26. Qf1 Qb6 27. f4 exf4 28. Nxf4 Nxf4 29. Qxf4 Qd8 30. Qf3 (30. a3 $15) 30... Qd4 $17 31. a3 {[#]} Qg1 ({Besser ist} 31... a5 $1 $17) 32. e5 $11 {Und weiter mit e6 wäre nett.} Qe1 $1 33. Qf4 (33. Qxc6 $11 {hält das Gleichgewicht.} Bd4 34. Qxa6 Bxe5 35. Qa8+ Kg7 36. Qd5) 33... Bf8 $17 34. Qf6 (34. Qf3 $142) 34... Qe4 35. Bf4 Bg7 (35... Qd5 $19 {und Schwarz behält klar die Oberhand.} 36. e6 Qxe6 37. Qxe6 fxe6) 36. Qd8+ Kh7 37. Bg3 Bxe5 38. Bxe5 Qxe5 39. Qc8 $2 {[%mdl 8192] [#]} (39. Qf8 $17 {leistet mehr Widerstand.}) 39... Qe1+ {Precision: Weiß = 17%, Schwarz = 68%.} 0-1

[Event "27th CRO-chT 1A-Men 2018"]
[Site "Biograd"]
[Date "2018.09.08"]
[Round "1.30"]
[White "Jankovic, Alojzije"]
[Black "Sale, Srdjan"]
[Result "1/2-1/2"]
[WhiteElo "2558"]
[BlackElo "2428"]
[Annotator "TA"]
[PlyCount "115"]
[EventDate "2018.09.08"]
[EventType "team-tourn"]
[EventCountry "CRO"]
[SourceTitle "playchess.com"]
[Source "ChessBase"]
[SourceQuality "1"]

{[%evp 23,115,87,93,66,83,52,70,61,73,68,87,77,85,33,27,0,99,58,48,30,36,35,36,23,27,24,34,0,0,-16,0,0,0,0,0,0,4,0,24,24,24,24,30,24,54,20,37,-72,-85,-140,-137,-177,-179,-187,-185,-179,-180,-191,-178,-366,-122,-179,-189,-175,-47,-64,-52,-51,-52,-43,0,-17,-19,-19,-19,-18,-18,-18,-12,-14,0,0,0,0,0,0,8,0,8,0,0,0,0,0]} 1. d4 Nf6 2. Nf3 g6 3. c4 Bg7 4. Nc3 O-O 5. e4 d6 6. Be2 e5 7. O-O Nbd7 8. Qc2 c6 9. d5 c5 10. Bg5 {E94: King's Indian: Classical: 6 Be2 e5 7 0-0: Various Black 7th moves} h6 (10... Kh8 11. Ne1 Rg8 12. Nd3 Qf8 13. Kh1 Ne8 14. a4 Bh6 15. Bxh6 Qxh6 16. f4 exf4 17. Rxf4 Ne5 {0-1 (46) Berkes,F (2687)-Kozul,Z (2586) Skopje 2014}) 11. Bd2 Ne8 12. g3 Ndf6 {[%cal Bd7f6,Bf6h7,Bh7g5,Bg5h3][%mdl 32] LiveBook: 4 Games} 13. Ne1 $146 ({Predecessor:} 13. Nh4 Bh3 14. Rfb1 Nh7 15. b4 b6 16. bxc5 bxc5 17. Rb3 Bf6 {1-0 (32) Gonda,L (2536)-Hujbert,F (2427) Budapest 2013}) 13... Nh7 14. Ng2 Bh3 15. f3 h5 16. Nd1 Qe7 17. Nf2 Bd7 18. Bd3 ({White should try} 18. a3 $16) 18... Ng5 19. Be2 Kh7 (19... Nh7 $11) 20. Kh1 Nh3 21. Bd3 Nf6 22. Rae1 a6 23. a4 Nxf2+ 24. Rxf2 b5 25. f4 bxa4 26. f5 Ng4 27. Rf3 Bh6 28. Bc3 Nf6 29. Qe2 Rab8 30. Bc2 g5 31. Rff1 g4 32. Ra1 Qe8 33. Ra3 a5 34. Rfa1 {[%cal Rc2a4]} Rb4 $1 35. R3a2 {[#]} (35. Ne3 $14 {keeps the upper hand.}) 35... Rxc4 $1 $17 {[%mdl 512]} 36. Ne3 {[#]} ({Better is} 36. Bd3 Rb4 37. Bxb4 cxb4 38. Rd1) (36. Qxc4 Bb5) 36... Rd4 $1 37. Bxd4 exd4 (37... cxd4 38. Nc4 $14) 38. Nc4 Bb5 39. Rxa4 {[#]} Nxd5 $1 {[%mdl 512]} 40. Rxa5 {[#]} (40. exd5 Qxe2) 40... Nb4 $1 {[%cal Rb4c2]} 41. Bd3 $2 (41. Bb1 {was worth a try.}) 41... d5 $2 ({Not} 41... Nxd3 42. Nxd6 Qc6 43. Nxb5 $17) (41... Bc6 $19 {is more deadly.} 42. Bb1 d5) 42. Rxb5 ({Wrong is} 42. exd5 $2 Nxd3 43. Qxe8 Bxe8 $19) 42... Qxb5 43. exd5 Re8 ({Worse is} 43... Nxd5 44. f6+ Kg8 45. Qe5 $11) ({Black should play} 43... Nxd3 $19 44. Qxd3 Qb7 45. f6+ Kg8) 44. f6+ Kg8 45. Nd6 $1 {Threatens to win with Bh7+!} Rxe2 46. Bxb5 Rxb2 47. Nc4 {The position is equal.} Ra2 48. Rxa2 Nxa2 $11 {[%mdl 4096] Endgame KBN-KBN} 49. d6 Bg5 {With the idea ...Nc3.} 50. Ne5 {Black must now prevent Bc4.} Bxf6 51. Nd7 Kg7 {Hoping for ...Nc3.} 52. Nxc5 Nb4 53. Kg2 d3 54. Bxd3 Nc6 55. Be4 Nd8 56. Bd5 Be5 57. d7 Bd6 58. Nb7 {Precision: White = 48%, Black = 51%.} 1/2-1/2